000 01250nam a22002657a 4500
001 BRCA_9171
003 FranzMayer
005 20220809131327.0
008 220627b |||||||| |||| 00| 0 eng d
020 _a9788494958830
040 _aMFM
_bspa
_cMFM
050 _aHQ1757
_b.R95 2018
245 1 0 _aLo que fue de ellas :
_bmujeres protagonistas en la ruta transpacífica del Galeón de Manila. Siglos XVI-XIX.
_cAna Ruiz Gutiérrez [Ed.]
260 _aSalobreña, Granada
_bEditorial Alhuila
_c[2018]
300 _a254 p.
_bilustraciones y tablas a color
_c22.5 cm
500 _aUbicación: L59-N5
500 _aIncluye bibliografía al terminar cada capítulo
500 _aIncluye un capítulo en inglés
500 _aLibro de pasta dura
520 _aColaboración de académicas y académicos de España, México, Taiwan y Filipinas donde abordan por medio de estudios monográficos, la presencia de la mujer en las crónicas hispanas, en la vida cotidiana manileña, en el comercio del galeón y su papel en el ámbito artístico, entre otros.
650 1 0 _aMujeres
_xHistoria
_zFilipinas
_928355
650 1 0 _aRutas comerciales
_xHistoria
_zFilipinas
_928356
650 1 0 _aRutas comerciales
_xHistoria
_zEspaña
_928357
942 _2lcc
_cB
999 _c10790
_d10790